Writer's Choice Grade 9 : Grammar and Composition /
With its combination of composition segments, grammar lessons, literature models, and hands-on practice exercises, Writer's Choice initiates, expands, and executes what it takes to make your students willing, proficient writers.
Sparad:
| Huvudupphovsman: | |
|---|---|
| Övriga upphovsmän: | , , , , |
| Materialtyp: | Bok |
| Språk: | Vietnamese |
| Publicerad: |
American :
McGraw-Hill ,
2001
|
| Ämnen: | |
| Taggar: |
Lägg till en tagg
Inga taggar, Lägg till första taggen!
|
| Thư viện lưu trữ: | Thư viện Trường CĐ Kỹ Thuật Cao Thắng |
|---|
| LEADER | 01004nam a2200265 a 4500 | ||
|---|---|---|---|
| 001 | TVCDKTCT8573 | ||
| 003 | Thư viện trường Cao đẳng Kỹ thuật Cao Thắng | ||
| 005 | 20080225000000 | ||
| 008 | 080225 | ||
| 980 | \ | \ | |a Thư viện Trường CĐ Kỹ Thuật Cao Thắng |
| 024 | |a RG_1 #1 eb0 i1 | ||
| 020 | # | # | |a 0078226570 |
| 041 | 0 | # | |a vie |
| 082 | # | # | |a 420 / |b WR300T-m |
| 100 | 1 | # | |a Lester Mark |
| 245 | 0 | 0 | |a Writer's Choice Grade 9 : Grammar and Composition / |c Lester Mark, ...[et al.] |
| 260 | # | # | |a American : |b McGraw-Hill , |c 2001 |
| 300 | # | # | |a 959tr. ; |c 27 cm |
| 520 | # | # | |a With its combination of composition segments, grammar lessons, literature models, and hands-on practice exercises, Writer's Choice initiates, expands, and executes what it takes to make your students willing, proficient writers. |
| 650 | # | 4 | |a Ngôn Ngữ |
| 700 | 0 | # | |a Royster Jacqueline |
| 700 | 0 | # | |a ONeal Sharon |
| 700 | 0 | # | |a Strong William |
| 700 | 0 | # | |a Wilhelm Jeffrey |
| 700 | 0 | # | |a Wolfe Denny |


